| 000 | 00682cam a22002295a 4500 | ||
|---|---|---|---|
| 008 | 230717s1960 xxk f 000 0 eng d | ||
| 041 | 0 | _aeng | |
| 050 | 0 | 4 | _a336.2 |
| 082 | _a336.2 | ||
| 100 | 1 | _aEve, H. Brian | |
| 245 | 0 | 0 | _aPrinciples and practice of rating valuation |
| 250 | _a2nd | ||
| 260 |
_aLondon _bEstates Gazette _c1960 |
||
| 300 |
_axix, 329p. _c22 cm. |
||
| 520 | _aIncludes examples of typical valuations. Law is current as at 1 April 1956. Also includes supplement dated 1957. | ||
| 650 | _aRATING VALUATION | ||
| 651 | 4 | _aEngland and Wales | |
| 690 |
_aValuation _96273 |
||
| 700 | 1 | _aWhite, Philip H. | |
| 700 | 1 | _aWilks, Hector M. | |
| 942 |
_n0 _2ddc |
||
| 999 |
_c121608 _d121608 |
||